Szczegóły MARC21

The Oxford handbook of comparative syntax /

003 -Nazwa inst., której nr kontr. jest w polu 001 [,]
    • @
    • Nazwa instytucji, której n kontrolny jest w polu 001
    • NUKAT
005 -DATA I CZAS OSTATNIEJ MODYFIKACJI [,]
    • @
    • pole kontrolne
    • 20241231094215.0
020 -Międzynarod. znormalizowany nr książki - ISBN [ , ]
    • a
    • Numer ISBN
    • 0195136500 Find
040 -Instytucja sporządzająca opis [ , ]
    • a
    • Instytucja, która sporządziła opis (NP)
    • GD U/MZ
    • c
    • Instytucja, która sporządziła rekord (NP)
    • GD U/MZ
    • d
    • Instytucja, która zmodyfikowała rekord (P)
    • GD U/ISSs
942 -Rodzaj dokumentu [ , ]
    • c
    • Rodzaj dokumentu
    • Książka
245 -Strefa tytułu i oznaczenia odpowiedzialności [0,4]
    • a
    • Tytuł
    • The Oxford handbook of comparative syntax / Find
    • c
    • Pozostałe elementy strefy tytułu i oznaczenia odpowiedzialności (NP)
    • ed. by Guglielmo Cinque, Richard S. Kayne.
260 -Strefa adresu wydawniczego [ , ]
    • a
    • Miejsce wydania (P)
    • Oxford :
    • b
    • Nazwa wydawcy (P)
    • Oxford University Press,
    • c
    • Data wydania (P)
    • 2005.
300 -Strefa opisu fizycznego [ , ]
    • a
    • Określenie formy książki i/lub objętość (NP)
    • XII, 977 s. ;
    • c
    • Format (NP)
    • 26 cm.
336 -Typ zawartości [ , ]
    • a
    • Termin opisujący typ zawartości
    • Tekst
    • b
    • Kod określający zawartość
    • txt
    • 2
    • Źródło (terminu i kodu)
    • rdacontent
337 -Typ mediów [ , ]
    • a
    • Tryb odtwarzania
    • Bez urządzenia pośredniczącego
    • b
    • Kod typu mediów
    • n
    • 2
    • Źródło (terminu i kodu)
    • rdamedia
338 -Typ/rodzaj nośnika [ , ]
    • a
    • Hasło opisujące typ nośnika
    • Wolumin
    • b
    • Kod typu nośnika
    • nc
    • 2
    • Źródło (terminu i kodu)
    • rdacarrier
504 -Uwaga dot. bibliogr. załącznikowej [ , ]
    • a
    • Uwaga dot. bibliografii załącznikowej
    • Bibliogr. przy rozdz. Indeksy.
650 -Hasło przedmiotowe [ ,7]
    • a
    • Hasło przedmiotowe
    • Językoznawstwo porównawcze.
    • 2
    • Źródło terminu
    • kaba
    • 9
    • KHW
    • 113647
650 -Hasło przedmiotowe [ ,7]
    • a
    • Hasło przedmiotowe
    • Składnia.
    • 2
    • Źródło terminu
    • kaba
    • 9
    • KHW
    • 130348
700 -Hasło dodatkowe - nazwa osobowa [1, ]
    • a
    • Nazwa osobowa (NP)
    • Cinque, Guglielmo. Find
    • e
    • Określenie rodzaju współpracy
    • Red.
    • 9
    • KHW
    • 649697
700 -Hasło dodatkowe - nazwa osobowa [1, ]
    • a
    • Nazwa osobowa (NP)
    • Kayne, Richard S. Find
    • e
    • Określenie rodzaju współpracy
    • Red.
    • 9
    • KHW
    • 649692
920 -ISBN [ , ]
    • a
    • ISBN
    • 0-19-513650-0 Find
Lokalizacja Uwagi nie widoczne w OPAC Status udost. Numer inwentarzowy Sygnatura
BMR1005229961BC.5180ANG. Syntaktyka 01